000 00294nam a22001337a 4500
008 171014b xxu||||| |||| 00| 0 eng d
020 _a045079007291
041 _aeng
080 _a331
100 _a52
101 _aPUN
245 _aTHE NEW PROFESSIONAL IMAGE
_cBIXLER, S
942 _2udc
_cBK
999 _c33929
_d33929